| 000 | 00777nam a2200217 a 4500 | ||
|---|---|---|---|
| 005 | 20210223125531.0 | ||
| 008 | 041109s1997 ea r 000 0 eng d | ||
| 020 | _a0803966725 | ||
| 035 | _aUPN01000136288 | ||
| 049 | _aCG | ||
| 050 | 4 |
_aLB2831.62 _bN4.4 |
|
| 100 | 1 |
_aAh Nee-Benham, Maenette Kapeahio-Kalani Padeken, _d1956- _930128 |
|
| 245 | 1 | 0 |
_aLet my spirit soar! : _bnarratives of diverse women in school leadership / _cMaenette K. P. Ah Nee-Benham, Joanne E. Cooper. |
| 260 |
_aCalifornia, E.U.A. : _bCorwin Press, _c1997. |
||
| 300 | _a156 p. | ||
| 650 | 4 |
_aMINORIAS - _xEDUCACION - _zESTADOS UNIDOS |
|
| 650 | 4 |
_aMAESTRAS - _zESTADOS UNIDOS _97176 |
|
| 650 | 4 |
_aLIDERAZGO EDUCATIVO - _zESTADOS UNIDOS _9443 |
|
| 700 | 1 |
_aCooper, Joanne E., _ecoaut. |
|
| 905 | _aLibro | ||
| 999 |
_c108439 _d108439 |
||